00295nam a2200097Ia 4500008004000000082001300040100003000053245006100083260004500144300000800189210210b2000 xxu||||| |||| 00| 0 eng d a503 ENCN aENCYCLOPAEDIA BRITANNICA. aNinteen eighty five year book of science and the future. aChicagobEncyclopaedia Britannica,c2000 a445